书目信息 |
| 题名: |
综合布线实用教程
|
|
| 作者: | 杨涛 主编 | |
| 分册: | ||
| 出版信息: | 北京 电子工业出版社 2005 |
|
| 页数: | 14, 269页 | |
| 开本: | 20cm | |
| 丛书名: | ||
| 单 册: | ||
| 中图分类: | TU855 | |
| 科图分类: | ||
| 主题词: | 智能建筑--布线--职业高中--教材 , 智能建筑 , 布线 | |
| 电子资源: | ||
| ISBN: | 7-121-00628-6 | |
| 000 | 00844nam0 2200253 450 | |
| 001 | 07079000286 | |
| 005 | 20070721133910.67 | |
| 010 | @a7-121-00628-6@dCNY24.60 | |
| 100 | @a20060606d2005 ekmy0chiy0110 ea | |
| 101 | 0 | @achi |
| 102 | @aCN@b110000 | |
| 105 | @aa q 000yy | |
| 200 | 1 | @a综合布线实用教程@Azong he bu xian shi yong jiao cheng@f杨涛主编 |
| 210 | @a北京@c电子工业出版社@d2005 | |
| 215 | @a14, 269页@c图@d20cm | |
| 300 | @a中等职业学校教学用书 (计算机技术专业) | |
| 330 | @a本书讲述了综合布线系统的发展,全面介绍了综合布线系统中常用的传输介质、连接器、连接硬件等,分别论述了综合布线的各子系统的设计方法。 | |
| 606 | 0 | @a智能建筑@x布线@x职业高中@j教材 |
| 606 | 0 | @a智能建筑 |
| 606 | 0 | @a布线 |
| 690 | @aTU855@v4 | |
| 701 | 0 | @a杨涛@Ayang tao@4主编 |
| 801 | 0 | @aCN@bTAOJIN@c20070721 |
| 905 | @a10447@dTU855@e382 | |
| 综合布线实用教程/杨涛主编 .-北京:电子工业出版社,2005 |
| 14, 269页:图;20cm |
| 中等职业学校教学用书 (计算机技术专业) |
| ISBN 7-121-00628-6:CNY24.60 |
| 本书讲述了综合布线系统的发展,全面介绍了综合布线系统中常用的传输介质、连接器、连接硬件等,分别论述了综合布线的各子系统的设计方法。 |
| ● |
| 相关链接 |
|
|
|
|
正题名:综合布线实用教程
索取号:TU855/382
 
预约/预借
| 序号 | 登录号 | 条形码 | 馆藏地/架位号 | 状态 | 备注 |
| 1 | 0822322 | 208223224 | 第二样本阅览室/ [索取号:TU855/382] | 在馆 | |
| 2 | 0822323 | 208223233 | 第三借阅区/ [索取号:TU855/382] | 在馆 | |
| 3 | 0822324 | 208223242 | 第三借阅区/ [索取号:TU855/382] | 在馆 | |
| 4 | 0822325 | 208223251 | 第三借阅区/ [索取号:TU855/382] | 在馆 | |
| 5 | 0822326 | 208223260 | 第三借阅区/ [索取号:TU855/382] | 在馆 |